đŸŽ¶ Paroles : "La vie en rose" Edith Piaf - Statistiques

Statistiques générales
  • Ce quiz a Ă©tĂ© pris 2 627 fois
  • Le rĂ©sultat moyen est 194 sur 231
Statistiques - réponses
Mots % Correct
a
99%
Ă 
99%
l'
99%
L'
99%
m'
99%
M'
99%
d'
98%
en
98%
il
98%
Il
98%
j'
98%
me
98%
Qu'
98%
rose
98%
s'
98%
t'
98%
vie
98%
De
97%
de
97%
Je
97%
je
97%
la
97%
le
97%
vois
97%
dans
96%
Dans
96%
Des
96%
des
96%
dĂšs
96%
les
96%
se
96%
amour
95%
bras
95%
C'
95%
dit
95%
mots
95%
prend
95%
Quand
95%
ses
95%
tout
95%
bas
94%
jours
94%
tous
94%
parle
93%
que
93%
Et
92%
Et,
92%
ça
91%
chose
91%
fait
91%
quelque
90%
est
87%
qui
85%
coeur
84%
mon
84%
Mon
84%
pour
81%
moi
80%
Moi
80%
entré
78%
lui
78%
bonheur
77%
bonheur,
77%
Un
77%
Une
73%
bat
72%
juré,
69%
juré
69%
sens
69%
connais
68%
cause
67%
Dont
67%
part
64%
aperçois
63%
sa
62%
Alors
57%
yeux
57%
miens
55%
font
54%
homme
52%
baisser
49%
sans
49%
sur
49%
appartiens
47%
auquel
47%
bouche
46%
VoilĂ 
46%
portrait
44%
retouche
43%
perd
40%
toi
39%
rire
38%
grand
31%
mourir
31%
plus
31%
place
29%
nuits
28%
finir
27%
Heureux,
21%
heureux
21%
chagrins
17%
effacent
17%
ennuis
12%
Aucun quiz correspondant
Distribution des résultats
% des personnes avec chaque résultat
Percentile par nombre de réponses
Votre historique - résultats
Vous n’avez pas pris ce quiz